| 000 | 00350cam a2200133ua 4500 | ||
|---|---|---|---|
| 041 |
_amal _h |
||
| 082 |
_a894.812301 _bRAG/AZ |
||
| 100 | _aRaghavan , Ambadath . | ||
| 245 |
_aAzhakullakathakal / _cAmbadathRaghavan. _hTextual Documents |
||
| 260 |
_aThrissur : _bAmina book stall , _c1959. |
||
| 300 | _a100 ; . | ||
| 504 | _a | ||
| 999 |
_c12356 _d12356 |
||